Technology Transfer by Multinational Firms (Registro nro. 26446)

Detalles MARC
000 -LEADER
fixed length control field 00326 a2200109 4500
001 - CONTROL NUMBER
control field ART_12551
005 - DATE AND TIME OF LATEST TRANSACTION
control field 20260410161907.0
008 - FIXED-LENGTH DATA ELEMENTS--GENERAL INFORMATION
fixed length control field 260409a
100 1# - MAIN ENTRY--PERSONAL NAME
Personal name Teege, D. J.
245 10 - TITLE STATEMENT
Title Technology Transfer by Multinational Firms
773 0# - HOST ITEM ENTRY
Title The Economic Journal
Related parts - Vol. 87, Nº 346 (jun. 1977)
Record control number REV12512

No hay ítems disponibles.